000 00737 a2200181 4500
003 Nust
005 20170207153546.0
040 _cNust
082 _a005.1
100 _aOmar, Yousaf Atta, (MSCS-4)
245 _aDesign, development and implementaion of web multimedia database system archived for the works of muslim scholars
_cYousaf Atta Omar,
260 _bMCS,NUST
_cApril 2003
_aRawalpindi
300 _ax 181, p;
505 _aOverview (page-1) From relational to multimedia database systems (page-10) Multimedia documents web databases (page-33) Planning of web multimedia database project (page-58) Results discussion and future work (page-127)
538 _aAlmirah No 69 Shelf No 4
650 _aPG Thesis
651 _aMSCS-4
942 _cTHS
999 _c188661
_d188661